000 00307nam a22001217a 4500
999 _c163122
_d163122
082 _a
_b
245 _aPerspectives in measurement and evaluation in education/
_cVashist S R (ed.).
260 _aNew Delhi:
_bAnmol,
_c1993.
300 _a495p.
650 _a
700 _aVashist S R (ed.)
942 _cBK